00498nam a2200181Ia 450000500170000000800410001704000190005804100120007708200160008910000150010524500810012026000330020130000160023450400190025065000140026965100230028385000100030620230626145651.0131103s9999 xx 000 0 und d aLoreto College aEnglish a301.15bDEW aDewey,John aHuman nature and condictb an introduction to social psychology cJohn Dewey aNew YorkbCarton Housec1922 avii,336 p.  aIncludes index aSociology aSocial Interaction aLCLIB